Science Quiz

Random Science or Animal Quiz

The Sporcle Zoo V Quiz Stats

 Plays Quiz Updated Oct 23, 2015

Also try: The Sporcle Zoo IV
Challenge
Share
Tweet
Score 0/20 Timer 06:00
10 Plays Today
% Correct
African Bush Elephant
92.6%
Polar bear
91.9%
Giraffe
91.2%
Hippopotamus
90.9%
Indian peafowl
90.5%
Giant anteater
90.3%
Blue whale
90%
Moose or Eurasian elk
90%
Komodo dragon
88.4%
Emperor penguin
87.1%
% Correct
Green anaconda
86.6%
Lute turtle or leatherback sea turtle
75.5%
White rhinoceros
72.3%
Giant golden-crowned flying fox
64.4%
Whale shark
62.3%
Grey Wolf or Timber Wolf
60.9%
Atlantic blue marlin
60.6%
Mola mola or ocean sunfish
46.5%
Goliath birdeater
28.2%
Lion's mane jellyfish
14.5%

You're not logged in!

Compare scores with friends on all Sporcle quizzes.
Join for Free
OR
Log In

You Might Also Like...

Show Comments

Extras

Top Quizzes Today


Score Distribution

Your Account Isn't Verified!

In order to create a playlist on Sporcle, you need to verify the email address you used during registration. Go to your Sporcle Settings to finish the process.

Report this User

Report this user for behavior that violates our Community Guidelines.

Details: